| 000 | 00000nam##2200000za#4500 |
| 001 | 9.571601 |
| 003 | CaOODSP |
| 005 | 20211126112844 |
| 007 | cr ||||||||||| |
| 008 | 150406|2002||||xxc|||||o f|0| 0 eng|d |
| 022 | |a1701-9397 |
| 040 | |aCaOODSP|beng |
| 043 | |an-cn--- |
| 086 | 1 |aFB3-2/102-20E-PDF |
| 110 | 2 |aBank of Canada. |
| 245 | 10|aEvaluating the Quarterly Projection Model : |h[electronic resource]|ba preliminary investigation / |cby Robert Amano ... [et al.]. |
| 260 | |aOttawa - Ontario : |bBank of Canada |cAugust 2002. |
| 300 | |a77p.|bgraphs, tables |
| 490 | 1 |aBank of Canada working paper|x1701-9397|v2002-20 |
| 500 | |a"This paper summarizes the results of recent research evaluating the Bank of Canada's Quarterly Projection Model (QPM). Because QPM consists of a steady-state model and a dynamic model, our evaluation work consists of two parts."--Abstract. |
| 500 | |aThe ISSN (1192-5434) for the print edition has been incorrectly copied in this electronic publication. |
| 504 | |aBibliography. |
| 546 | |aRésumé en français. |
| 590 | |a11-19-Supp|b2011-09-23 |
| 690 | 07|aAssessment|2gcpds |
| 690 | 07|aEconomic forecasting|2gcpds |
| 690 | 07|aEconomic indicators|2gcpds |
| 720 | 1 |aAmano, Robert |
| 776 | 0#|tEvaluating the Quarterly Projection Model : |w(CaOODSP)9.616041 |
| 830 | #0|aWorking paper (Bank of Canada)|x1701-9397|v2002-20|w(CaOODSP)9.504604 |
| 856 | 40|ahttp://publications.gc.ca|qPDF|s794 KB|uhttps://publications.gc.ca/collections/Collection/FB3-2-102-20E.pdf|y2002-20 |